Statistics for Directors with Most Nominations for Academy Awards

Click here to take the quiz!

General Stats

  • This quiz has been taken 550 times
  • The average score is 7 of 18

Answer Stats

HintAnswer% Correct
Steven Spielberg
93%
Martin Scorsese
79%
Alfred Hitchcock
63%
5John Ford
61%
8Billy Wilder
50%
6Frank Capra
49%
12William Wyler
44%
Woody Allen
44%
7David Lean
35%
John Huston
32%
Elia Kazan
27%
George Stevens
21%
George Cukor
20%
Michael Curtiz
18%
Fred Zinnemann
12%
Robert Altman
12%
King Vidor
4%
Clarence Brown
3%

Score Distribution

Percentile by Number Answered

Percent of People with Each Score

Your Score History

You have not taken this quiz